Lengua castellana y comunicación 1§ medio: texto del estudiante
Salvato in:
| Autori principali: | , |
|---|---|
| Natura: | Libro |
| Lingua: | spagnolo |
| Pubblicazione: |
Santiago
Arrayán
2002
|
| Edizione: | 5a. ed |
| Soggetti: | |
| Tags: |
Aggiungi Tag
Nessun Tag, puoi essere il primo ad aggiungerne!!
|
MARC
| LEADER | 00000nam a2200000 a 4500 | ||
|---|---|---|---|
| 001 | UCL7229 | ||
| 003 | CL-VaPUC | ||
| 008 | 040514e20020000CL |||||||||||||||||spa|d | ||
| 020 | |a 9562402681 | ||
| 082 | 0 | 4 | |a 407.12 |b ORT |2 21 |
| 100 | |a Ortúzar Meza, Carmen |e autora |9 544982 | ||
| 700 | 0 | |a Rodríguez Aguirrezábal, Ignacio J |e author |9 485065 | |
| 245 | 1 | 0 | |a Lengua castellana y comunicación 1§ medio: texto del estudiante |
| 250 | |a 5a. ed | ||
| 300 | |a 304 p | ||
| 942 | |c BK | ||
| 945 | |d 20040514 00:00:00 |a cmena | ||
| 260 | |a Santiago |b Arrayán |c 2002 | ||
| 650 | 0 | |a Educación lingüística |9 306506 | |
| 650 | 0 | |a Libros de texto |9 270019 | |
| 650 | 0 | |a Métodos de enseñanza |9 270413 | |
| 650 | 0 | |a Currículo |9 307290 | |
| 583 | |a last modification |c 20120323 00:19:37 |k Rodrigo Vera | ||
| 999 | |c 309079 |d 309077 | ||
| 952 | |0 0 |1 0 |4 0 |6 407_120000000000000_ORT_2002 |7 0 |8 A |9 376242 |a BIBEDU |b BIBEDU |d 2019-11-21 |i 4054180 |o 407.12 ORT 2002 |p 4054180 |r 2019-11-21 |w 2019-11-21 |y BK |k LIT | ||
| 952 | |0 0 |1 0 |4 0 |6 407_120000000000000_ORT_2002 |7 0 |8 A |9 376243 |a BIBEDU |b BIBEDU |d 2019-11-21 |i 4054210 |o 407.12 ORT 2002 |p 4054210 |r 2019-11-21 |w 2019-11-21 |y BK |k LIT | ||
| 952 | |0 0 |1 0 |4 0 |6 407_120000000000000_ORT_2002 |7 0 |8 A |9 376244 |a BIBEDU |b BIBEDU |d 2019-11-21 |i 4054237 |o 407.12 ORT 2002 |p 4054237 |r 2019-11-21 |w 2019-11-21 |y BK |k LIT | ||